| 000 | 00615nam a2200253Ia 4500 | ||
|---|---|---|---|
| 003 | OSt | ||
| 005 | 20220918185809.0 | ||
| 006 | a|||||r|||| 00| 0 | ||
| 007 | ta | ||
| 008 | 220917b |||||||| |||| 00| 0 eng d | ||
| 024 | _a52,807 | ||
| 037 | _cTextual | ||
| 040 |
_aARTS _cARTS _beng |
||
| 041 |
_2eng _aeng |
||
| 082 | _aP13:3, 122k0 | ||
| 100 |
_aHumbert J _970291 |
||
| 245 | 0 | _aSyntax Grecque | |
| 250 | _a3rd | ||
| 260 |
_aParis _bLibraries _c1960 |
||
| 300 |
_a470p. _ccm. |
||
| 650 | _aLINGUISTICS | ||
| 942 |
_hP13:3, 122k0 _cTEXL _2CC |
||
| 999 |
_c182165 _d182165 |
||